Clubs de la Champions Cup 2021-2022. - Statistiques

Statistiques générales
  • Ce quiz a été pris 99 fois
  • Le résultat moyen est 16 sur 24
Statistiques - réponses
Clubs % Correct
Stade toulousain
100%
Stade rochelais
93%
Leinster
85%
Munster
85%
Union Bordeaux-Bègles
84%
Castres olympique
80%
Racing 92
78%
Stade français Paris
76%
Ulster
76%
ASM Clermont
71%
Leicester Tigers
71%
Montpellier HR
67%
Glasgow Warriors
62%
Sale Sharks
61%
Harlequins
60%
Cardiff Blues
56%
Exeter Chiefs
52%
Connacht
51%
Bath Rugby
50%
Northampton Saints
49%
Wasps
46%
Bristol Bears
45%
Ospreys
41%
Llanelli Scarlets
40%
Aucun quiz correspondant
Distribution des résultats
% des personnes avec chaque résultat
Percentile par nombre de réponses
Votre historique - résultats
Vous n’avez pas pris ce quiz